[Event "GER-ch U25 op-C"]
[White "Classen, Marnin"]
[Black "Margaryan, Mari"]
[Site "Willingen"]
[Round "8"]
[Result "1-0"]
[Date "2024.05.24"]
[WhiteElo "1654"]
[BlackElo "1070"]
[PlyCount "37"]
[EventDate "2024.05.19"]
[EventType "swiss"]
[EventRounds "9"]
[EventCountry "GER"]
[SourceTitle "EXT 2025"]
[Source "ChessBase"]
[SourceDate "2024.10.14"]
[SourceVersion "1"]
[SourceVersionDate "2024.10.14"]
[SourceQuality "1"]

1. d4 d5 2. c4 e6 3. Nc3 Nf6 4. Bf4 a6 5. e3 Nc6 6. Nf3 Bd6 7. Bxd6 Qxd6 8. Bd3 0-0 9. 0-0 Re8 10. Rc1 dxc4 11. Bxc4 e5 12. dxe5 Qxd1 13. Rfxd1 Nxe5 14. Nxe5 Rxe5 15. Nd5 Nxd5 16. Bxd5 c6 17. Bxc6 bxc6 18. Rd8+ Re8 19. Rxe8# 1-0

[Event "EU Union-ch U10 20th"]
[White "Iliev, Stoyan"]
[Black "Classen, Marnin"]
[Site "Mureck"]
[Round "4"]
[Result "1-0"]
[Date "2023.08.05"]
[WhiteElo "1382"]
[BlackElo "1420"]
[PlyCount "113"]
[EventDate "2023.08.02"]
[EventType "swiss"]
[EventRounds "9"]
[EventCountry "AUT"]
[SourceTitle "EXT 2024"]
[Source "ChessBase"]
[SourceDate "2023.10.10"]
[SourceVersion "1"]
[SourceVersionDate "2023.10.10"]
[SourceQuality "1"]

1. d4 d5 2. Bf4 c6 3. e3 e6 4. c3 f5 5. Nf3 Nf6 6. Nbd2 Nbd7 7. Bd3 Be7 8. 0-0 0-0 9. Ne5 Nxe5 10. dxe5 Ne4 11. Nf3 g5 12. Bg3 f4 13. exf4 gxf4 14. Nd2 Nxd2 15. Qxd2 fxg3 16. fxg3 Rxf1+ 17. Rxf1 Bg5 18. Qe2 Bd7 19. h4 Bh6 20. Qg4+ Kh8 21. Qh5 Be3+ 22. Kh2 Qg8 23. Rf7 Bh6 24. Rxh7+ Qxh7 25. Bxh7 Kxh7 26. Qf7+ Bg7 27. Qxd7 Rf8 28. Qxe6 Rf2 29. Qd7 Kg8 30. e6 Bf8 31. e7 Bxe7 32. Qxe7 Rf7 33. Qxf7+ Kxf7 34. g4 c5 35. Kg3 Kg6 36. Kf4 Kf6 37. g5+ Kg6 38. Ke5 b6 39. Kxd5 a5 40. c4 a4 41. Kc6 a3 42. bxa3 b5 43. Kxb5 Kh5 44. a4 Kg6 45. a5 Kh5 46. a6 Kg6 47. a7 Kh5 48. a8Q Kg6 49. Qe4+ Kh5 50. g4+ Kxh4 51. g6 Kg5 52. g7 Kh6 53. Qe6+ Kxg7 54. g5 Kh8 55. Qe7 Kg8 56. g6 Kh8 57. Qf8# 1-0

[Event "GER-ch U25-C"]
[White "Classen, Marnin"]
[Black "Sauer, Ben"]
[Site "Willingen"]
[Round "9"]
[Result "1-0"]
[Date "2023.06.03"]
[WhiteElo "1352"]
[BlackElo "1340"]
[PlyCount "45"]
[EventDate "2023.05.27"]
[EventType "swiss"]
[EventRounds "9"]
[EventCountry "GER"]
[SourceTitle "CBM 214 Extra"]
[Source "ChessBase"]
[SourceDate "2023.07.31"]
[SourceVersion "1"]
[SourceVersionDate "2023.07.31"]
[SourceQuality "1"]

1. e4 c5 2. Nf3 Nc6 3. Nc3 e6 4. d4 cxd4 5. Nxd4 a6 6. Bc4 g6 7. Be3 Bg7 8. Qd2 Nge7 9. 0-0-0 0-0 10. f3 Qc7 11. Bb3 Nxd4 12. Bxd4 e5 13. Be3 b5 14. g4 Rd8 15. Bg5 Bf8 16. Nd5 Qc5 17. h4 Bb7 18. Nf6+ Kh8 19. h5 Bg7 20. hxg6 Bxf6 21. Bxf6+ Kg8 22. gxf7+ Kf8 23. Qh6# 1-0

[Event "GER-ch U25-C"]
[White "Classen, Marnin"]
[Black "Hierl, Andreas"]
[Site "Willingen"]
[Round "7"]
[Result "0-1"]
[Date "2023.06.01"]
[WhiteElo "1352"]
[BlackElo "1236"]
[PlyCount "58"]
[EventDate "2023.05.27"]
[EventType "swiss"]
[EventRounds "9"]
[EventCountry "GER"]
[SourceTitle "CBM 214 Extra"]
[Source "ChessBase"]
[SourceDate "2023.07.31"]
[SourceVersion "1"]
[SourceVersionDate "2023.07.31"]
[SourceQuality "1"]

1. e4 c6 2. Nf3 d5 3. Nc3 dxe4 4. Nxe4 Nf6 5. Qe2 Nxe4 6. Qxe4 Nd7 7. Bc4 Nf6 8. Ne5 e6 9. Qe2 Bd6 10. d4 Qc7 11. Bg5 Nd5 12. Bxd5 cxd5 13. 0-0-0 0-0 14. Bd2 a5 15. g4 Rb8 16. h4 b5 17. g5 b4 18. b3 a4 19. Kb1 Ra8 20. h5 Ba6 21. Qe3 Bb5 22. Nd3 axb3 23. cxb3 Rxa2 24. Rc1 Qa5 25. g6 Qa3 26. gxf7+ Kh8 27. Bc3 Bxd3+ 28. Qxd3 Qxb3+ 29. Bb2 Qxb2# 0-1

[Event "GER-ch U10"]
[White "Wolf, Noah"]
[Black "Classen, Marnin"]
[Site "Willingen"]
[Round "5"]
[Result "1-0"]
[Date "2022.06.07"]
[WhiteElo "1073"]
[BlackElo "1168"]
[PlyCount "65"]
[EventDate "2022.06.04"]
[EventType "swiss"]
[EventRounds "11"]
[EventCountry "GER"]
[SourceTitle "CBM 208 Extra"]
[Source "ChessBase"]
[SourceDate "2022.07.31"]
[SourceVersion "1"]
[SourceVersionDate "2022.07.31"]
[SourceQuality "1"]

1. e4 e6 2. d4 d5 3. e5 c5 4. c3 Nc6 5. Nf3 Qb6 6. Be2 cxd4 7. 0-0 dxc3 8. Nxc3 Nge7 9. Be3 Qa5 10. Rc1 a6 11. Bd3 Qc7 12. Ne2 Ng6 13. Ned4 Bd7 14. Bxg6 hxg6 15. Ng5 Qxe5 16. Ndf3 Qf6 17. Re1 Be7 18. Rxc6 Bxc6 19. Bd4 Qf5 20. Re5 Qg4 21. h3 Qh5 22. Nxf7 Kxf7 23. Rxh5 Rxh5 24. Ne5+ Ke8 25. Nxg6 Rh7 26. Qb1 Bd6 27. Ne5 Rh8 28. Qg6+ Ke7 29. Qxg7+ Kd8 30. Qxh8+ Bf8 31. Qxf8+ Be8 32. Bb6+ Kc8 33. Qxe8# 1-0

[Event "GER-ch U10"]
[White "Classen, Marnin"]
[Black "Li, Yunqi"]
[Site "Willingen"]
[Round "4"]
[Result "0-1"]
[Date "2022.06.06"]
[WhiteElo "1168"]
[BlackElo "1312"]
[PlyCount "134"]
[EventDate "2022.06.04"]
[EventType "swiss"]
[EventRounds "11"]
[EventCountry "GER"]
[SourceTitle "CBM 208 Extra"]
[Source "ChessBase"]
[SourceDate "2022.07.31"]
[SourceVersion "1"]
[SourceVersionDate "2022.07.31"]
[SourceQuality "1"]

1. e4 c5 2. Nf3 d6 3. d4 cxd4 4. Nxd4 Nf6 5. Nc3 a6 6. Be2 e5 7. Nb3 Be6 8. 0-0 Be7 9. f3 0-0 10. Be3 Nbd7 11. Nd5 Bxd5 12. exd5 Rc8 13. Qd2 Nb6 14. Bxb6 Qxb6+ 15. Kh1 Rfe8 16. Rad1 Qa7 17. a4 Rc7 18. a5 e4 19. fxe4 Nxe4 20. Qf4 Bg5 21. Qf5 g6 22. Qf3 Be3 23. Bd3 Nf2+ 24. Rxf2 Bxf2 25. Rf1 Re1 26. Rxe1 Bxe1 27. Qe4 Bf2 28. Qf4 Re7 29. g3 Qe3 30. Qxe3 Bxe3 31. Kg2 f5 32. Kf3 Kf7 33. Na1 Bc1 34. Nb3 Bxb2 35. Nd2 Kf6 36. Nc4 Be5 37. Ne3 h5 38. h3 Bxg3 39. Nc4 h4 40. Ne3 Rc7 41. Nc4 Rc5 42. Ke3 Rxd5 43. Kf3 Rc5 44. Ke3 d5 45. Nd2 d4+ 46. Kf3 Rxa5 47. Kg2 Ra3 48. Nc4 Rxd3 49. cxd3 b5 50. Na5 b4 51. Kf3 Ke5 52. Ke2 Kd5 53. Kd2 Bc7 54. Nc4 a5 55. Kc2 g5 56. Kb3 g4 57. Nd2 gxh3 58. Nf1 h2 59. Nxh2 Bxh2 60. Kc2 Bc7 61. Kd2 h3 62. Ke2 h2 63. Kd2 h1Q 64. Kc2 b3+ 65. Kxb3 Qb1+ 66. Ka3 Bd6+ 67. Ka4 Qb4# 0-1